Top 5 European Leagues Top Scorers: 2023/24 - Statistics

General Stats
  • This quiz has been taken 21 times
  • The average score is 21 of 26
Answer Stats
League Goals Club Nationality Player % Correct
Premier League 21 Newcastle Sweden Alexander Isak
100%
Premier League 22 Chelsea England Cole Palmer
100%
Premier League 27 Manchester City Norway Erling Haaland
100%
La Liga 19 Real Madrid England Jude Bellingham
100%
La Liga 19 Barcelona Poland Robert Lewandowski
100%
Bundesliga 36 Bayern Munich England Harry Kane
95%
Ligue 1 27 PSG France Kylian Mbappe
95%
Serie A 24 Inter Argentina Lautaro Martinez
95%
Premier League 19 Aston Villa England Ollie Watkins
95%
Premier League 19 Manchester City England Phil Foden
95%
Ligue 1 19 Lille Canada Jonathan David
90%
Serie A 15 Milan France Olivier Giroud
90%
La Liga 23 Villarreal Norway Alexander Sorloth
86%
Ligue 1 19 Lyon France Alexandre Lacazette
86%
La Liga 24 Girona Ukraine Artem Dovbyk
86%
Serie A 16 Juventus Serbia Dusan Vlahovic
86%
Ligue 1 17 Marseille Gabon Pierre-Emerick Aubameyang
86%
Serie A 15 Napoli Nigeria Victor Osimhen
86%
La Liga 17 Osasuna Croatia Ante Budimir
76%
Bundesliga 28 Stuttagart Guinea Serhou Guirassy
76%
Bundesliga 24 Leipzig Belgium Lois Openda
67%
Premier League 19 Bournemouth England Dominic Solanke
62%
Serie A 14 Genoa Iceland Albert Gudmundsson
57%
Bundesliga 18 Stuttgart Germany Deniz Undav
38%
Ligue 1 16 Monaco France Wissam Ben Yedder
38%
Bundesliga 16 Hoffenheim Germany Maximilian Beier
24%
No matching quizzes found
Score Distribution
Percent of People with Each Score
Percentile by Number Answered
Your Score History
You have not taken this quiz